Les "Michel" célèbres - Statistiques

Statistiques générales
  • Ce quiz a été pris 92 fois
  • Le résultat moyen est 9 sur 15
Statistiques - réponses
Hint Réponse % Correct
Vivement dimanche Drucker
86%
Nancy-Juventus Platini
80%
restos coeur Colucci
78%
Les ricains Sardou
71%
Lettre France Polnareff
68%
Cage folle Serrault
65%
Adjudant Gerber Galabru
64%
Boîte jazz Jonasz
61%
Grand journal Denisot
58%
Dialoguiste flingueur Audiard
54%
Constitution 58 Debré
54%
Les essais Montaigne
48%
Le mépris Piccoli
41%
Entraîneur Séville Hidalgo
31%
Inspecteur Javert Bouquet
19%
Aucun quiz correspondant
Distribution des résultats
% des personnes avec chaque résultat
Percentile par nombre de réponses
Votre historique - résultats
Vous n’avez pas pris ce quiz